Catálogo - Centro de Recursos para el Aprendizaje y la Investigación

Volver al Sitio - CRAI Biblioteca

Manual de derecho sucesoral panameño / (Registro nro. 113935)

Detalles MARC
000 -CABECERA
campo de control de longitud fija 01563nam a2200277 4500
001 - NÚMERO DE CONTROL
campo de control 113935
003 - IDENTIFICADOR DEL NÚMERO DE CONTROL
campo de control DR-UNIBE
005 - FECHA Y HORA DE LA ÚLTIMA TRANSACCIÓN
campo de control 20250723164332.0
008 - DATOS DE LONGITUD FIJA--INFORMACIÓN GENERAL
campo de control de longitud fija 250723b2008 pn ||||| |||| 00| 0 spa d
020 ## - NÚMERO INTERNACIONAL ESTÁNDAR DEL LIBRO
Número Internacional Estándar del Libro 9789962883081
040 ## - FUENTE DE LA CATALOGACIÓN
Centro catalogador/agencia de origen BIBLIOTECA UNIBE
Lengua de catalogación spa
Centro/agencia transcriptor BIBLIOTECA UNIBE
Normas de descripción rda
041 ## - CÓDIGO DE LENGUA
Código de lengua del texto/banda sonora o título independiente spa
082 ## - NÚMERO DE LA CLASIFICACIÓN DECIMAL DEWEY
Número de edición 22
Número de clasificación 346.3 A67m
100 1o - ENTRADA PRINCIPAL--NOMBRE DE PERSONA
Nombre de persona Arosemena de Troitiño, Esmeralda,
Fechas asociadas al nombre 1944-
9 (RLIN) 197669
Término indicativo de función/relación autor
245 ## - MENCIÓN DE TÍTULO
Título Manual de derecho sucesoral panameño /
Resto del título Esmeralda Arosemena de Troitiño
250 ## - MENCIÓN DE EDICIÓN
Mención de edición Primera edición
260 ## - PUBLICACIÓN, DISTRIBUCIÓN, ETC.
Lugar de publicación, distribución, etc. Panamá:
Nombre del editor, distribuidor, etc. Organo Judicial,
Fecha de publicación, distribución, etc. 2008
300 ## - DESCRIPCIÓN FÍSICA
Extensión 136 página :
Dimensiones 27 x 21 cm
505 ## - NOTA DE CONTENIDO CON FORMATO
Nota de contenido con formato Introducción |<br/>Derecho sucesoral o hereditario |<br/>Derecho sucesoral y herencia |<br/>Fundamentos de la sucesión mortis causa en general |<br/>Herencia |<br/>Constitución del derecho hereditario |<br/>Adquisición de la herencia |<br/>Beneficios de inventario |<br/>Repudiación del derecho hereditario |<br/>De la capacidad para heredar |<br/>Participación de la herencia |<br/>Derechos de representación y derecho de acrecer ┌<br/>Sucesión legal |<br/>Institución y sustitución de herederos. Principio de libertad de testar |<br/>Acto testamentario sujeto a modalidades |<br/>Sucesión testamentaria |<br/>Ineficiencia de los testamentos |<br/>Anexos |<br/>Biografía<br/>
650 #7 - PUNTO DE ACCESO ADICIONAL DE MATERIA--TÉRMINO DE MATERIA
Fuente del encabezamiento o término lemb
Término de materia o nombre geográfico como elemento de entrada Derecho sucesorio
Subdivisión geográfica Panamá
9 (RLIN) 197676
650 #7 - PUNTO DE ACCESO ADICIONAL DE MATERIA--TÉRMINO DE MATERIA
Fuente del encabezamiento o término lemb
Término de materia o nombre geográfico como elemento de entrada Herencia
650 #7 - PUNTO DE ACCESO ADICIONAL DE MATERIA--TÉRMINO DE MATERIA
Fuente del encabezamiento o término lemb
Término de materia o nombre geográfico como elemento de entrada Partición de bienes
9 (RLIN) 197677
700 10 - PUNTO DE ACCESO ADICIONAL--NOMBRE DE PERSONA
Nombre de persona Contreras, Marisol
9 (RLIN) 197672
Término indicativo de función/relación diagramador
710 10 - PUNTO DE ACCESO ADICIONAL--NOMBRE DE ENTIDAD CORPORATIVA
Nombre de entidad corporativa o nombre de jurisdicción como elemento de entrada Paper, computer and retail products
9 (RLIN) 197673
Término indicativo de función/relación diseñador de portada
942 ## - ELEMENTOS DE PUNTO DE ACCESO ADICIONAL (KOHA)
Fuente del sistema de clasificación o colocación Sistema de Clasificación Decimal Dewey
Tipo de ítem Koha Libro (general)
Existencias
Estado de retiro Estado de pérdida Fuente del sistema de clasificación o colocación No para préstamo Código de colección Localización permanente Fecha de adquisición Total de préstamos Signatura topográfica completa Código de barras Fecha visto por última vez Número de copia Precio válido a partir de Tipo de ítem Koha
  Disponible Sistema de Clasificación Decimal Dewey   General Biblioteca Central UNIBE 10/06/2025   346.3 A67m 250890 23/07/2025 Ej. 1 23/07/2025 Libro (general)